Les morts à la guerre dans les départements - Statistiques

Statistiques générales
  • Ce quiz a été pris 22 fois
  • Le résultat moyen est 70 sur 120
Statistiques - réponses
Hint Réponse Rang % Correct
Le plus de morts au total des trois guerres 44017 Paris 2
95%
Le plus de morts en 1914/1919 37837 Paris 2
95%
Le plus de morts au total des trois guerres 53710 Nord 1
86%
Le plus de morts en 1870/1871 227 Nord 7
86%
Le plus de morts en 1914/1919 50152 Nord 1
86%
Le plus de morts en 1939/1945 3331 Nord 5
86%
Le plus de morts en 1870/1871 199 Rhône 11
86%
Le plus de morts en 1870/1871 383 Loire 3
81%
Le plus de morts au total des trois guerres 28566 Pas-de-Calais 3
81%
Le plus de morts en 1870/1871 179 Pas-de-Calais 13
81%
Le plus de morts en 1914/1919 24877 Pas-de-Calais 3
81%
Le plus de morts en 1939/1945 3510 Pas-de-Calais 2
81%
Le moins de morts en 1914/1919 2071 Bas-Rhin 7
76%
Le plus de morts en 1939/1945 3037 Bas-Rhin 7
76%
Le plus de morts en 1870/1871 216 Calvados 9
76%
Le plus de morts en 1939/1945 2223 Calvados 9
76%
Le moins de morts au total des trois guerres 318 Guyane 2
76%
Le moins de morts en 1870/1871 0 Guyane 1
76%
Le moins de morts en 1914/1919 301 Guyane 2
76%
Le moins de morts en 1939/1945 17 Guyane 2
76%
Le moins de morts au total des trois guerres 4699 Corse-du-Sud 13
71%
Le moins de morts en 1914/1919 4075 Corse-du-Sud 13
71%
Le plus de morts au total des trois guerres 22872 Finistère 6
71%
Le plus de morts en 1914/1919 19450 Finistère 6
71%
Le plus de morts en 1939/1945 3310 Finistère 6
71%
Le moins de morts au total des trois guerres 918 Guadeloupe 3
71%
Le moins de morts en 1870/1871 0 Guadeloupe 1
71%
Le moins de morts en 1914/1919 865 Guadeloupe 3
71%
Le moins de morts en 1939/1945 53 Guadeloupe 3
71%
Le moins de morts en 1870/1871 13 Haute-Corse 9
71%
Le moins de morts au total des trois guerres 4558 Haut-Rhin 12
71%
Le moins de morts en 1914/1919 2140 Haut-Rhin 8
71%
Le plus de morts en 1939/1945 2336 Haut-Rhin 8
71%
Le plus de morts en 1939/1945 4162 Moselle 1
71%
Le moins de morts au total des trois guerres 4993 Essonne 14
67%
Le moins de morts en 1914/1919 4650 Essonne 15
67%
Le moins de morts en 1939/1945 305 Essonne 12
67%
Le moins de morts au total des trois guerres 1428 Martinique 5
67%
Le moins de morts en 1870/1871 0 Martinique 1
67%
Le moins de morts en 1914/1919 1350 Martinique 5
67%
Le moins de morts en 1939/1945 78 Martinique 5
67%
Le plus de morts au total des trois guerres 18049 Somme 14
67%
Le plus de morts en 1914/1919 16662 Somme 14
67%
Le moins de morts au total des trois guerres 4506 Val-de-Marne 11
67%
Le moins de morts en 1870/1871 19 Val-de-Marne 12
67%
Le moins de morts en 1914/1919 3909 Val-de-Marne 12
67%
Le plus de morts en 1870/1871 306 Aube 4
62%
Le plus de morts au total des trois guerres 24218 Haute-Garonne 4
62%
Le plus de morts en 1914/1919 22571 Haute-Garonne 4
62%
Le plus de morts en 1939/1945 1489 Haute-Garonne 14
62%
Le plus de morts en 1870/1871 521 Loiret 1
62%
Le moins de morts en 1870/1871 16 Alpes-Maritimes 10
57%
Le moins de morts au total des trois guerres 5198 Aveyron 15
57%
Le moins de morts en 1870/1871 25 Aveyron 15
57%
Le moins de morts en 1939/1945 256 Aveyron 11
57%
Le moins de morts en 1939/1945 318 Cantal 13
57%
Le moins de morts en 1870/1871 16 Hauts-de-Seine 10
57%
Le plus de morts au total des trois guerres 18752 Ille-et-Vilaine 13
57%
Le plus de morts en 1914/1919 17267 Ille-et-Vilaine 12
57%
Le plus de morts en 1939/1945 1468 Meurthe-et-Moselle 15
57%
Le plus de morts au total des trois guerres 19918 Morbihan 11
57%
Le plus de morts en 1914/1919 17889 Morbihan 10
57%
Le plus de morts en 1939/1945 1913 Morbihan 13
57%
Le moins de morts au total des trois guerres 1166 Réunion 4
57%
Le moins de morts en 1870/1871 5 Réunion 5
57%
Le moins de morts en 1914/1919 1092 Réunion 4
57%
Le moins de morts en 1939/1945 69 Réunion 4
57%
Le moins de morts au total des trois guerres 3651 Val-d'Oise 9
57%
Le moins de morts en 1870/1871 20 Val-d'Oise 13
57%
Le moins de morts en 1914/1919 3284 Val-d'Oise 11
57%
Le moins de morts en 1939/1945 347 Val-d'Oise 9
57%
Le plus de morts au total des trois guerres 19852 Vosges 12
57%
Le plus de morts en 1914/1919 17683 Vosges 11
57%
Le plus de morts en 1939/1945 2044 Vosges 11
57%
Le moins de morts au total des trois guerres 3196 Alpes-de-Haute-Provence 8
52%
Le moins de morts en 1870/1871 11 Alpes-de-Haute-Provence 6
52%
Le moins de morts en 1914/1919 3064 Alpes-de-Haute-Provence 10
52%
Le moins de morts en 1939/1945 121 Alpes-de-Haute-Provence 7
52%
Le moins de morts en 1939/1945 318 Ardèche 13
52%
Le plus de morts en 1870/1871 200 Corrèze 10
52%
Le moins de morts au total des trois guerres 1494 Hautes-Alpes 6
52%
Le moins de morts en 1870/1871 12 Hautes-Alpes 8
52%
Le moins de morts en 1914/1919 1384 Hautes-Alpes 6
52%
Le moins de morts en 1939/1945 98 Hautes-Alpes 6
52%
Le plus de morts au total des trois guerres 22213 Manche 7
52%
Le plus de morts en 1914/1919 18612 Manche 8
52%
Le plus de morts en 1939/1945 3477 Manche 3
52%
Le plus de morts au total des trois guerres 20171 Seine-Maritime 10
52%
Le plus de morts en 1914/1919 17989 Seine-Maritime 9
52%
Le plus de morts en 1939/1945 2075 Seine-Maritime 10
52%
Le plus de morts au total des trois guerres 17941 Vendée 15
52%
Le plus de morts en 1870/1871 451 Vendée 2
52%
Le plus de morts en 1914/1919 16642 Vendée 15
52%
Le plus de morts au total des trois guerres 20640 Côtes d'Armor 9
48%
Le plus de morts en 1914/1919 17051 Côtes d'Armor 13
48%
Le plus de morts en 1939/1945 3412 Côtes d'Armor 4
48%
Le plus de morts en 1870/1871 179 Mayenne 13
48%
Le moins de morts en 1870/1871 22 Pyrénées-Orientales 14
48%
Le plus de morts en 1870/1871 180 Sarthe 12
48%
Le moins de morts au total des trois guerres 2754 Belfort 7
43%
Le moins de morts en 1870/1871 12 Belfort 7
43%
Le moins de morts en 1914/1919 2317 Belfort 9
43%
Le plus de morts au total des trois guerres 20745 Loire-Atlantique 8
43%
Le plus de morts en 1870/1871 179 Loire-Atlantique 13
43%
Le plus de morts en 1914/1919 18634 Loire-Atlantique 7
43%
Le plus de morts en 1939/1945 1932 Loire-Atlantique 12
43%
Le plus de morts en 1870/1871 233 Maine-et-Loire 6
43%
Le moins de morts en 1939/1945 335 Tarn-et-Garonne 15
43%
Le moins de morts au total des trois guerres 4409 Vaucluse 10
43%
Le moins de morts en 1914/1919 4127 Vaucluse 14
43%
Le moins de morts en 1939/1945 237 Vaucluse 8
43%
Le plus de morts en 1870/1871 222 Yonne 8
43%
Le moins de morts en 1939/1945 245 Ariège 10
38%
Le plus de morts au total des trois guerres 23601 Saône-et-Loire 5
29%
Le plus de morts en 1870/1871 273 Saône-et-Loire 5
29%
Le plus de morts en 1914/1919 21923 Saône-et-Loire 5
29%
Le moins de morts au total des trois guerres 32 Comores 1
5%
Le moins de morts en 1870/1871 0 Comores 1
5%
Le moins de morts en 1914/1919 31 Comores 1
5%
Le moins de morts en 1939/1945 1 Comores 1
5%
Aucun quiz correspondant
Distribution des résultats
% des personnes avec chaque résultat
Percentile par nombre de réponses
Votre historique - résultats
Vous n’avez pas pris ce quiz